| 000 | 00868nam a2200265Ia 4500 | ||
|---|---|---|---|
| 003 | PE SENCICO BE | ||
| 005 | 20251020182440.0 | ||
| 008 | 200515s9999 xx 000 0 und d | ||
| 020 | _a84-281-0513-8 | ||
| 040 |
_aPE SENCICO BE _cPE SENCICO BE |
||
| 041 | _aspa | ||
| 082 |
_a526.9 _bM43 |
||
| 100 | 1 |
_aPierre, Merlin _93287 _eautor |
|
| 245 | 1 | 0 |
_aLa topografía / _cPierre Merlin |
| 250 | _a1a ed. | ||
| 260 |
_aBarcelona : _bOikos-Tau ; _c1982 |
||
| 300 |
_a148 páginas : _bgráficos ; _c17 cm. |
||
| 490 | _aColección ¿que sé? Nueva serie | ||
| 505 | 0 | _aEl esquema planimétrico y altimétrico de base -- El alzado topográfico directo -- Los métodos fotogramétricos | |
| 520 | 3 | _aBibliografía: p. [149] | |
| 650 | 1 | 0 |
_aTopografía _94 |
| 650 | 2 | 0 |
_aMétodos topográficos _91235 |
| 650 | 2 | 0 |
_aMedición de distancias _93260 |
| 942 |
_cLIB _2ddc |
||
| 999 |
_c522 _d522 |
||